00325nam a2200121Ia 4500008004100000041000800041082002000049100001600069245004500085260003200130300003000162365001100192240624s9999 xx 000 0 und d aeng a658.4038011 CAD aCADLE JAMES aDEVELOPING INFORMATION SYSTEMS PRACTICAL c2015aNew DelhibViva Books axv, : 303 : p. : cm. ; 23 cRSb33